Osoby na polskich banknotach - Statystyki

Ogólne statystyki
  • Ten quiz został rozwiązany 26 razy
  • Średni wynik to 10 z 21
Statystyki odpowiedzi
Nominał Nazwa Osoba % Poprawnych
10 PLN Brak (banknot obiegowy) Mieszko | Mieszko I
96%
20 PLN 1050. rocznicaChrztu Polski Mieszko | Mieszko I
96%
50 PLN Brak(banknot obiegowy) Kazimierz Wielki |Kazimierz III Wielki
84%
20 PLN Brak (banknot obiegowy) Bolesław Chrobry | Bolesław I Chrobry
80%
10 PLN 90. rocznicaodzyskania niepodległości Józef Piłsudski |Józef Klemens Piłsudski
60%
20 PLN 100. rocznica utworzeniaLegionów Polskich Józef Piłsudski | Józef Klemens Piłsudski
60%
20 PLN Bitwa Warszawska 1920 Józef Piłsudski |Józef Klemens Piłsudski
60%
20 PLN Niepodległość Józef Piłsudski | Józef Klemens Piłsudski
60%
100 PLN Brak (banknot obiegowy) Władysław Jagiełło |Władysław II Jagiełło
60%
500 PLN Brak (banknot obiegowy) Jan Sobieski |Jan III Sobieski
56%
20 PLN 100. rocznica przyznania Nagrody Nobla (nazwa osoby) w dziedzinie chemii Maria Skłodowska-Curie |Maria Salomea Skłodowska-Curie
52%
200 PLN Brak (banknot obiegowy) Zygmunt Stary |Zygmunt I Stary
48%
50 PLN (Nazwa osoby) Jan Paweł II |Karol Wojtyła | Karol Józef Wojtyła
44%
20 PLN (Nazwa osoby) Mikołaj Kopernik |Nicolaus Copernicus
36%
20 PLN 200. rocznica urodzin(nazwa osoby) Fryderyk Chopin |Fryderyk Franciszek Chopin
32%
20 PLN (Nazwa osoby). Warto być Polakiem Lech Kaczyński |Lech Aleksander Kaczyński
32%
20 PLN 200. rocznica urodzin(nazwa osoby) Juliusz Słowacki
24%
20 PLN 1050. rocznica Chrztu Polski Dobrawa | Dąbrówka |Dubrawka
20%
19 PLN 100-lecie powstaniaPolskiej Wytwórni Papierów Wartościowych Igancy Paderewski | Ignacy Jan Paderewski
12%
20 PLN 600. rocznica urodzin(nazwa osoby) Jan Długosz
12%
20 PLN 100. rocznica przyznania Nagrody Nobla (nazwa osoby) w dziedzinie chemii Alfred Nobel |Alfred Bernhard Nobel
8%
Nie znaleziono quizów pasujących do podanych kryteriów
Rozkład punktacji
Procent ludzi z każdym wynikiem
Percentyl według liczby udzielonych odpowiedzi
Twoja historia wyników
Nie rozwiązałeś tego quizu